01590nam a2200409 i 450000100060000000300080000600500170001400600190003100700150005000800410006502000270010603500230013303500240015603500250018003500210020504000310022605000200025708000110027708200160028810000290030424501330033326400920046630000410055833600310059933700330063033800430066350000230070650400290072958801260075865000390088465000380092365000470096165000510100865500270105970000320108685600620111872415FlNmELB20241217143400.0m o d | cr cnu||||||||160831s2016 sp ob 001 0 spa d a9788481438796 (e-book) a(MiAaPQ)EBC4570015 a(Au-PeEL)EBL4570015 a(CaPaEBR)ebr11231174 a(OCoLC)984802946 aFINmELBbspaerdacFINmELB 4aHD60bC263 2016 a658.170 a658.4082231 aCarballo Penela, Adolfo.10aResponsabilidad social y gestión ambiental de las cadenas logísticas /cAdolfo Carballo Penela, José Luis Castromán Diz. 1aMadrid :bAENOR - Asociación Española de Normalización y Certificación,c[2016] a1 recurso en línea (139 páginas) atextobtxt2rdacontent/spa acomputadorabc2rdamedia/spa arecurso en líneabcr2rdacarrier/spa aContiene índice. aContiene bibliografía. aDescripción basada en recurso en línea; Título de la página del título en PDF (e-libro, visto August 31, 2016). 0aSocial responsibility of business. 4aEmpresasxResponsabilidad social. 0aBusiness logisticsxEnvironmental aspects. 4aLogística empresarialxAspectos ambientales. 4aLibros electrónicos.1 aCastromán Diz, Juan Luis.40uhttps://elibro.net/ereader/politecnicointernacional/53607